000 01285nam a2200313 a 4500
001 50328
003 BD-RjUL
005 20211209075507.0
008 160824m19331961enk 001 0 eng
020 _a(BD-RjUL)50448
040 _aDLC
_erda
_cWSU
_dOCL
_dSER
_dm.c
_dUkOxU
_dBD-RjUL
_bBD-RjUL
041 1 _aeng
_hger
082 _223
_a382
_bHAT 1961
100 1 _aHaberler, Gottfried,
_d1900-1995,
_9138190
245 1 4 _aThe theory of international trade :
_bwith its applications to commercial policy /
_cby Gottfried von Haberler ; translated from the German by Alfred Stonier and Frederic Benham.
260 _aLondon :
_bW. Dodge & Company, Limited,
_c1933, [8th impression 1961]
300 _axv, 408 pages ;
_c26 cm.
500 _a"German edition, 1933; English translation (revised by the author), 1936."
500 _aTranslation of: Der internationale Handel.
500 _aIncludes bibliographical references and index.
650 0 _aInternational trade.
_9150821
650 0 _aCommerce.
_9150822
650 0 _aCommercial policy.
_9150823
650 0 _aForeign exchange.
_9150824
700 1 _aStonier, Alfred W.
_q(Alfred William),
_d1905-
_etranslator.
_9131795
700 1 _aBenham, Frederic,
_d1900-1962,
_etranslator.
_9130466
942 _2ddc
_cBK
999 _c50328
_d50328